Welcome to WEB OPAC of MRSPTU Central Library

Estimating costing in Civil Engineering (Record no. 4279)

MARC details
000 -LEADER
fixed length control field 00386nam a2200145Ia 4500
008 - FIXED-LENGTH DATA ELEMENTS--GENERAL INFORMATION
fixed length control field 230711s9999||||xx |||||||||||||| ||und||
041 ## - LANGUAGE CODE
Language code of text/sound track or separate title ENG
082 ## - DEWEY DECIMAL CLASSIFICATION NUMBER
Classification number 624
Item number DU-E
100 ## - MAIN ENTRY--PERSONAL NAME
Personal name Dutta,B.N
245 #0 - TITLE STATEMENT
Title Estimating costing in Civil Engineering
250 ## - EDITION STATEMENT
Edition statement 25th Ed.
260 ## - PUBLICATION, DISTRIBUTION, ETC.
Date of publication, distribution, etc. 2003
Place of publication, distribution, etc. New Delhi
Name of publisher, distributor, etc. UBS Publishers and Distributors Pvt.Ltd.
650 ## - SUBJECT ADDED ENTRY--TOPICAL TERM
Topical term or geographic name entry element Civil Engineering
942 ## - ADDED ENTRY ELEMENTS (KOHA)
Koha item type Book
Holdings
Withdrawn status Lost status Damaged status Not for loan Collection Home library Current library Date acquired Total checkouts Full call number Barcode Date last seen Price effective from Koha item type Date last checked out Date due
          MRSPTU Central Library MRSPTU Central Library     624 DU-E 14652 08/17/2023 08/17/2023 Book    
          MRSPTU Central Library MRSPTU Central Library     624 DU-E 14653 08/17/2023 08/17/2023 Book    
          MRSPTU Central Library MRSPTU Central Library     624 DU-E 14654 08/17/2023 08/17/2023 Book    
          MRSPTU Central Library MRSPTU Central Library     624 DU-E 14655 08/17/2023 08/17/2023 Book    
          MRSPTU Central Library MRSPTU Central Library   1 624 DU-E 14656 06/07/2024 08/17/2023 Book 02/19/2024  
          MRSPTU Central Library MRSPTU Central Library   1 624 DU-E 14657 04/09/2026 08/17/2023 Book 04/09/2026 04/30/2026
          MRSPTU Central Library MRSPTU Central Library     624 DU-E 14658 08/17/2023 08/17/2023 Book    
          MRSPTU Central Library MRSPTU Central Library     624 DU-E 14659 08/17/2023 08/17/2023 Book    
          MRSPTU Central Library MRSPTU Central Library     624 DU-E 14660 08/17/2023 08/17/2023 Book    
          MRSPTU Central Library MRSPTU Central Library     624 DU-E 14661 08/17/2023 08/17/2023 Book    

Website Designed and Developed by MRSPTU Central Library Team

E-mail Id: librarian@mrsptu.ac.in